| 000 | nam a22 a 4500 | ||
|---|---|---|---|
| 999 |
_c186996 _d186996 |
||
| 003 | BLK | ||
| 005 | 20220603143903.0 | ||
| 008 | 180411b bul|||||r ||||||| ||bul|| | ||
| 010 | _aKNG00196000000 | ||
| 040 | _aBLK | ||
| 041 |
_aBUL _cBUL |
||
| 080 |
_aПедагогическа психология _b37.015.3 _x(075.8) _z37.015.3(075.8) |
||
| 080 |
_aПсихология на детската възраст. Интелектуално развитие на децата. Психически особености. Детски представи, описани в разкази _b159.922.7 _x(075.8) _z159.922.7(075.8) |
||
| 100 | 1 |
_aПирьов, Генчо Димитров _eпърви автор _9364704 |
|
| 139 |
_aПирьов, Генчо Димитров и др. _bП 53 |
||
| 245 | 1 | 0 |
_aДетска и педагогическа психология _bУчебник за инст. за начални учители _cГенчо Димитров Пирьов; съавт. Стоян Желев; съавт. Иван Нетов. |
| 250 | _a4. изд. | ||
| 257 | _aBGR | ||
| 260 |
_aСофия _bНар. просв. _c1967 |
||
| 300 |
_a286 с. _c20 см |
||
| 380 | _a3 | ||
| 500 | _a1. изд. 1960. - 4 063 тир. | ||
| 650 | 4 |
_aПсихология - учебници за ВУЗ _9241535 |
|
| 650 | 4 |
_aПсихология, детска _9260666 |
|
| 653 | _aпедагогическа психология | ||
| 653 | _aдетска психология | ||
| 700 | 1 |
_aЖелев, Стоян _eсъавт. _9382558 |
|
| 700 | 1 |
_aНетов, Иван _eсъавт. _9381663 |
|
| 852 |
_aЦб 40190 _bЦб |
||
| 856 | 4 | _qpdf | |
| 856 | 4 | _qpdf | |
| 942 |
_cKNG _n0 _02 _s1 |
||
| 944 |
_aCR _c14.11.2016 _kКети_Илиева |
||
| 944 |
_aED _c15.11.2016 _kКети_Илиева |
||